[Event "66. BEM 2012"]
[Site "Dortmund"]
[Date "2012.03.08"]
[Round "6.20"]
[White "Jentzsch, Werner Wilfried"]
[Black "Dirks, Rainer"]
[Result "1/2-1/2"]
[WhiteElo "1317"]
[BlackElo "1120"]
[Annotator "P. Schulenburg"]
[PlyCount "52"]
[EventDate "2012.??.??"]
[Source "SG Dortmund"]
[SourceDate "2004.12.16"]

1. d4 d5 2. Nc3 Nf6 3. Bf4 c6 4. f3 e6 5. e4 Bb4 6. e5 Nh5 7. Qd2 Nxf4 8. Qxf4
Qa5 9. Qd2 Nd7 10. a3 Nb6 11. O-O-O Bxc3 12. Qxc3 Qxc3 13. bxc3 Nd7 14. c4 f6
15. f4 b6 16. Nf3 Ba6 17. cxd5 Bxf1 18. Rhxf1 exd5 19. exf6 Nxf6 20. Rfe1+ Ne4
21. Ne5 Rc8 22. c4 Ke7 23. Kb2 Rhf8 24. g3 g5 25. fxg5 Rf2+ 26. Ka1 Kd6 1/2-1/2

[Event "66. BEM 2012"]
[Site "Dortmund"]
[Date "2012.03.08"]
[Round "6.21"]
[White "Skoecz, Horst"]
[Black "Strotmann, Dieter"]
[Result "1/2-1/2"]
[WhiteElo "1164"]
[BlackElo "1362"]
[Annotator "P. Schulenburg"]
[PlyCount "30"]
[EventDate "2012.??.??"]
[Source "SG Dortmund"]
[SourceDate "2004.12.16"]

1. e4 g6 2. d4 d6 3. Bc4 e6 4. c3 Bg7 5. d5 exd5 6. Bxd5 Be6 7. Bxe6 fxe6 8.
Nf3 Ne7 9. Ng5 Qd7 10. O-O O-O 11. Qb3 d5 12. Nd2 h6 13. Ngf3 c6 14. e5 Na6 15.
Qc2 Nc7 1/2-1/2

[Event "66. BEM 2012"]
[Site "Dortmund"]
[Date "2012.03.08"]
[Round "6.22"]
[White "Böckmann, Lieselotte"]
[Black "Krüger, Inge"]
[Result "0-1"]
[WhiteElo "930"]
[BlackElo "1303"]
[Annotator "P. Schulenburg"]
[PlyCount "76"]
[EventDate "2012.??.??"]
[Source "SG Dortmund"]
[SourceDate "2004.12.16"]

1. c4 e6 2. Nc3 d5 3. e3 Nf6 4. cxd5 exd5 5. Bb5+ c6 6. Ba4 Be7 7. Nf3 O-O 8.
O-O Nbd7 9. d3 Re8 10. Bd2 Nf8 11. h3 Bf5 12. Bc2 Bd6 13. Nh4 Bd7 14. Ne2 Qc7
15. f4 Ng6 16. Nf3 c5 17. Rc1 Rac8 18. a3 Qb8 19. a4 a6 20. Nc3 b5 21. a5 d4
22. Ne2 dxe3 23. Bc3 Nd5 24. Bb3 Ndxf4 25. Ng5 Re7 26. Ne4 Be5 27. Ng5 c4 28.
Nxf4 Nxf4 29. Bc2 Qb7 30. Rf3 Bd6 31. dxc4 Bc5 32. Kh1 e2 33. Qd2 Be3 34. Qd6
Rce8 35. Bxh7+ Kf8 36. Rxf4 Bxf4 37. Be4 Bxd6 38. Bxb7 e1=Q+ 0-1

[Event "66. BEM 2012"]
[Site "Dortmund"]
[Date "2012.03.08"]
[Round "6.23"]
[White "Schmidt, Andreas N"]
[Black "Reker, Gerhard"]
[Result "1-0"]
[WhiteElo "792"]
[BlackElo "756"]
[Annotator "P. Schulenburg"]
[PlyCount "55"]
[EventDate "2012.??.??"]
[Source "SG Dortmund"]
[SourceDate "2004.12.16"]

1. e4 e5 2. d4 Nc6 3. d5 Nd4 4. Bc4 d6 5. Be3 Nf6 6. Bxd4 exd4 7. Qxd4 Ng4 8.
f4 f6 9. h3 Nh6 10. Nd2 c5 11. dxc6 bxc6 12. O-O-O c5 13. Qd5 Rb8 14. Nb3 Qb6
15. Nf3 a5 16. e5 a4 17. exf6 Nf7 18. Qxf7+ Kd8 19. fxg7 Bxg7 20. Qxg7 Re8 21.
Ne5 axb3 22. Bxb3 Rb7 23. Nf7+ Kc7 24. Rxd6 Qa5 25. Rhd1 Re1 26. Nd8+ Kb8 27.
Nxb7 Bxb7 28. Bd5 1-0

[Event "66. BEM 2012"]
[Site "Dortmund"]
[Date "2012.03.12"]
[Round "7.1"]
[White "Rossa, Daniel"]
[Black "Schmittdiel, Eckhard"]
[Result "0-1"]
[WhiteElo "1811"]
[BlackElo "2408"]
[Annotator "P. Schulenburg"]
[PlyCount "124"]
[EventDate "2012.??.??"]
[Source "SG Dortmund"]
[SourceDate "2004.12.16"]

1. e4 g6 2. d4 Bg7 3. Nc3 c6 4. f4 d5 5. e5 h5 6. Nf3 Nh6 7. Be3 b5 8. Bd3 Na6
9. a3 Nc7 10. Qd2 Bf5 11. Ne2 Bxd3 12. Qxd3 Nf5 13. Kf2 Ne6 14. g3 Qb6 15. c3
c5 16. dxc5 Nxc5 17. Bxc5 Qxc5+ 18. Ned4 a6 19. Kg2 e6 20. h3 Qc4 21. Rad1 Rc8
22. Nxf5 gxf5 23. Nd4 Bf8 24. Rd2 Bc5 25. Kf3 Bb6 26. Re1 Qxd3+ 27. Rxd3 Ke7
28. Re2 Rhg8 29. Rg2 Rc4 30. Rgd2 Rgc8 31. Rd1 f6 32. exf6+ Kxf6 33. R1d2 Ba7
34. Rd1 Rb8 35. R1d2 a5 36. Nxe6 Kxe6 37. Rxd5 Re4 38. Rd6+ Kf7 39. Rh6 Kg7 40.
Rxh5 Re3+ 41. Kg2 Rbe8 42. Rxf5 Re2+ 43. Rxe2 Rxe2+ 44. Kf3 Rxb2 45. Rd5 Bg1
46. Rd7+ Kf8 47. Rb7 Rb3 48. Ke4 Bc5 49. Kd5 Bxa3 50. Ra7 Rxc3 51. Rxa5 b4 52.
g4 Rxh3 53. Ke6 Re3+ 54. Kf6 Re8 55. Rb5 Bb2+ 56. Kg6 Re4 57. Kf5 Rc4 58. Rb7
Bc1 59. g5 Rxf4+ 60. Ke6 Bb2 61. g6 Bc3 62. Kd5 Rg4 0-1

[Event "66. BEM 2012"]
[Site "Dortmund"]
[Date "2012.03.12"]
[Round "7.2"]
[White "Jelica, Mara"]
[Black "Schiefelbusch, Dirk"]
[Result "1-0"]
[WhiteElo "2221"]
[BlackElo "2048"]
[Annotator "P. Schulenburg"]
[PlyCount "57"]
[EventDate "2012.??.??"]
[Source "SG Dortmund"]
[SourceDate "2004.12.16"]

1. e4 d5 2. exd5 Qxd5 3. Nc3 Qd6 4. d4 Nf6 5. Nf3 Bg4 6. h3 Bxf3 7. Qxf3 c6 8.
Be3 e6 9. O-O-O Be7 10. g4 Nbd7 11. a3 Nd5 12. Ne4 Qc7 13. Bd2 b5 14. Bd3 O-O
15. Ng5 N7f6 16. h4 a5 17. Nxe6 fxe6 18. g5 Nd7 19. Qe4 g6 20. h5 Nf4 21. hxg6
hxg6 22. Kb1 Rf7 23. Bxf4 Qxf4 24. Qxg6+ Rg7 25. Qxe6+ Qf7 26. Qxd7 Bxg5 27.
Qxc6 Rd8 28. Bxb5 Qxf2 29. Bc4+ 1-0

[Event "66. BEM 2012"]
[Site "Dortmund"]
[Date "2012.03.12"]
[Round "7.3"]
[White "Begna, Bozidar"]
[Black "Tekin, Baran"]
[Result "1-0"]
[WhiteElo "2000"]
[BlackElo "1737"]
[Annotator "P. Schulenburg"]
[PlyCount "89"]
[EventDate "2012.??.??"]
[Source "SG Dortmund"]
[SourceDate "2004.12.16"]

1. e4 d6 2. d4 g6 3. Bc4 Bg7 4. Nc3 a6 5. a4 Nd7 6. Qf3 e6 7. Nge2 h6 8. Be3 c5
9. Bb3 b6 10. dxc5 dxc5 11. O-O Bb7 12. Qg3 Qe7 13. f4 O-O-O 14. f5 exf5 15.
exf5 Ngf6 16. fxg6 fxg6 17. Nf4 Nh5 18. Nxh5 gxh5 19. Rf7 Qxe3+ 20. Qxe3 Bd4
21. Qxd4 cxd4 22. Nd5 Bxd5 23. Bxd5 Rhe8 24. Bc4 a5 25. Raf1 Nc5 26. Bb5 Re3
27. R7f6 Re6 28. Rxe6 Nxe6 29. Rf6 Nc7 30. Rxb6 Nd5 31. Rxh6 Nb4 32. Rxh5 Kb7
33. Bd3 Rc8 34. Rb5+ Kc6 35. Rxa5 Kd6 36. Rb5 Nxc2 37. Kf2 Ne3 38. g3 Ng4+ 39.
Kf3 Nxh2+ 40. Ke4 Rg8 41. Rd5+ Ke6 42. Re5+ Kd6 43. Rf5 Rxg3 44. a5 Nf3 45.
Rxf3 1-0

[Event "66. BEM 2012"]
[Site "Dortmund"]
[Date "2012.03.12"]
[Round "7.4"]
[White "Schwarz, Ingo"]
[Black "Zelt, Jens"]
[Result "0-1"]
[WhiteElo "1784"]
[BlackElo "1993"]
[Annotator "P. Schulenburg"]
[PlyCount "60"]
[EventDate "2012.??.??"]
[Source "SG Dortmund"]
[SourceDate "2004.12.16"]

1. e4 d6 2. Nc3 Nf6 3. Bc4 e6 4. Qe2 Be7 5. d3 c6 6. a4 b6 7. f4 d5 8. Bb3 dxe4
9. dxe4 Ba6 10. Bc4 Bxc4 11. Qxc4 O-O 12. Nf3 a5 13. h3 Bc5 14. g4 Na6 15. Bd2
Qe7 16. e5 Nd5 17. Ne4 Be3 18. Nd6 Bxd2+ 19. Kxd2 f6 20. Raf1 fxe5 21. fxe5 Nc5
22. b3 Rxf3 23. Rxf3 Qg5+ 24. Kd1 Qxe5 25. Nf5 Qa1+ 26. Ke2 Qxh1 27. Nd4 Qh2+
28. Ke1 Qe5+ 29. Kd2 Ne4+ 30. Kd3 Nb4+ 0-1

[Event "66. BEM 2012"]
[Site "Dortmund"]
[Date "2012.03.12"]
[Round "7.5"]
[White "Schulz-Runge, Michael"]
[Black "Kropp, Andreas"]
[Result "0-1"]
[WhiteElo "1732"]
[BlackElo "1940"]
[Annotator "P. Schulenburg"]
[PlyCount "116"]
[EventDate "2012.??.??"]
[Source "SG Dortmund"]
[SourceDate "2004.12.16"]

1. e4 Nf6 2. Nc3 d5 3. e5 Nfd7 4. f4 e6 5. d4 b6 6. Nf3 Ba6 7. Bd3 c5 8. f5
cxd4 9. Bxa6 Nxa6 10. fxe6 fxe6 11. Nxd4 Nc7 12. Bf4 Bb4 13. Qh5+ g6 14. Qh3
Bxc3+ 15. bxc3 Nc5 16. Bh6 Qd7 17. Qh4 Ne4 18. O-O Qe7 19. Qg4 O-O-O 20. Kh1
Kb7 21. Rf3 Rde8 22. Raf1 Qc5 23. Nb3 Qc4 24. Qh3 Re7 25. Nd2 Qxa2 26. c4 Nxd2
27. Bxd2 Qxc4 28. Bg5 Rd7 29. Ra1 h5 30. Rfa3 a5 31. Rc3 Qd4 32. Bf6 Re8 33.
Rb1 b5 34. Qg3 Rg8 35. Ra3 Ka6 36. Qe1 a4 37. Rb4 Qc5 38. Qb1 Qc6 39. Bg5 Na8
40. Bd2 Nb6 41. Qa1 Nc4 42. Raxa4+ bxa4 43. Rxa4+ Kb7 44. Ra7+ Kb8 45. Ra6 Qb7
46. Bg5 Re8 47. h3 Rc7 48. Ra4 Rc6 49. Kh2 Rb6 50. Qf1 Rb1 51. Qf6 Qd7 52. Ra6
Kb7 53. Ra2 Qc7 54. Bf4 Rf1 55. c3 Rxf4 56. Qxg6 Rff8 57. Qb1+ Kc6 58. Ra6+ Kd7
0-1

[Event "66. BEM 2012"]
[Site "Dortmund"]
[Date "2012.03.12"]
[Round "7.6"]
[White "Raskin, Vitali"]
[Black "Hoppe, Dirk"]
[Result "1-0"]
[WhiteElo "1667"]
[BlackElo "1865"]
[Annotator "P. Schulenburg"]
[PlyCount "85"]
[EventDate "2012.??.??"]
[Source "SG Dortmund"]
[SourceDate "2004.12.16"]

1. d4 Nf6 2. c4 c5 3. dxc5 Qa5+ 4. Nc3 Qxc5 5. e3 g6 6. Nf3 Bg7 7. Be2 a6 8.
Na4 Qc7 9. c5 Nc6 10. Nb6 Rb8 11. Rb1 d6 12. Nxc8 dxc5 13. Nxe7 Qxe7 14. O-O
O-O 15. a3 b5 16. Qc2 c4 17. b3 Nd5 18. bxc4 Nc3 19. Rb3 Nxe2+ 20. Qxe2 Na5 21.
Rd3 Nxc4 22. Nd4 Rbc8 23. Re1 Ne5 24. Rb3 Rc4 25. Bd2 Rfc8 26. Bb4 Qc7 27. f4
Nc6 28. Nxc6 Qxc6 29. Rd3 Re8 30. Qf3 Rce4 31. Kh1 Bf8 32. Bxf8 Kxf8 33. h3 Qc5
34. Kh2 a5 35. Qf2 b4 36. Qb2 Kg8 37. axb4 axb4 38. Qb3 h6 39. Re2 Rxf4 40. Rc2
Qe5 41. exf4 Qxf4+ 42. g3 Qe4 43. Rf2 1-0

[Event "66. BEM 2012"]
[Site "Dortmund"]
[Date "2012.03.12"]
[Round "7.7"]
[White "Sonntag, Joachim"]
[Black "Simon, Thomas"]
[Result "1-0"]
[WhiteElo "1752"]
[BlackElo "1904"]
[Annotator "P. Schulenburg"]
[PlyCount "83"]
[EventDate "2012.??.??"]
[Source "SG Dortmund"]
[SourceDate "2004.12.16"]

1. e4 c5 2. Nf3 a6 3. d4 cxd4 4. Nxd4 e5 5. Nb3 Nc6 6. Be2 Nf6 7. Nc3 Bb4 8.
Qd3 d5 9. exd5 Nxd5 10. Bd2 Nxc3 11. Bxc3 Qxd3 12. cxd3 Bf5 13. O-O Rd8 14.
Rad1 O-O 15. f4 e4 16. d4 Be6 17. f5 Bd5 18. Nd2 b5 19. a4 e3 20. axb5 axb5 21.
Nf3 Bxc3 22. bxc3 Rfe8 23. Rb1 Bc4 24. Rfe1 Ne7 25. Rxb5 Bxe2 26. Rxe2 Nd5 27.
Rc2 Ra8 28. Rb1 g6 29. c4 Nb4 30. Re2 Na2 31. fxg6 hxg6 32. Rbe1 Ra3 33. Ne5
Kg7 34. Rxe3 Nc3 35. Kf1 Re6 36. Rc1 Nb1 37. Rxa3 Nxa3 38. Kf2 f6 39. Nf3 g5
40. g4 Re4 41. h3 Kf7 42. Rc3 1-0

[Event "66. BEM 2012"]
[Site "Dortmund"]
[Date "2012.03.12"]
[Round "7.8"]
[White "Gitschel, Ralf"]
[Black "Ziemek, Gerhard"]
[Result "1-0"]
[WhiteElo "1860"]
[BlackElo "1669"]
[Annotator "P. Schulenburg"]
[PlyCount "41"]
[EventDate "2012.??.??"]
[Source "SG Dortmund"]
[SourceDate "2004.12.16"]

1. e4 e5 2. Nf3 Nc6 3. Bb5 d6 4. h3 Nf6 5. d3 Be7 6. O-O O-O 7. c3 Bd7 8. Ba4
a6 9. Be3 Nh5 10. d4 b5 11. Bb3 Nf6 12. Nbd2 exd4 13. cxd4 Rc8 14. e5 dxe5 15.
dxe5 Ne8 16. Ne4 Na5 17. Nfg5 Nxb3 18. Qxb3 c5 19. Rad1 c4 20. Qc2 Qc7 21. Nf6+
1-0

[Event "66. BEM 2012"]
[Site "Dortmund"]
[Date "2012.03.12"]
[Round "7.10"]
[White "Zachos, Ingo"]
[Black "Milonas, Georgios"]
[Result "0-1"]
[WhiteElo "1851"]
[BlackElo "1583"]
[Annotator "P. Schulenburg"]
[PlyCount "63"]
[EventDate "2012.??.??"]
[Source "SG Dortmund"]
[SourceDate "2004.12.16"]

1. a4 d5 2. a5 a6 3. e3 Nf6 4. c3 e6 5. f4 Be7 6. Nf3 c5 7. d4 Nc6 8. dxc5 Bxc5
9. Bd3 Ng4 10. Nd4 Nf6 11. O-O Nxd4 12. exd4 Be7 13. f5 O-O 14. Bg5 exf5 15.
Bxf5 Bxf5 16. Rxf5 Qd7 17. Qf3 Rad8 18. Nd2 Ne4 19. Nxe4 dxe4 20. Qxe4 Bxg5 21.
Rxg5 f5 22. Qf3 Rde8 23. Rf1 g6 24. h4 f4 25. h5 Kg7 26. hxg6 hxg6 27. Qd5 Qc8
28. Re5 Rf7 29. Qe4 Ref8 30. Re6 Rf5 31. Rxf4 Qxe6 32. Rxf5 0-1

[Event "66. BEM 2012"]
[Site "Dortmund"]
[Date "2012.03.12"]
[Round "7.11"]
[White "Schultz, Bernfried"]
[Black "Lauche, Christoph"]
[Result "0-1"]
[WhiteElo "1739"]
[BlackElo "1841"]
[Annotator "P. Schulenburg"]
[PlyCount "70"]
[EventDate "2012.??.??"]
[Source "SG Dortmund"]
[SourceDate "2004.12.16"]

1. e4 c5 2. Nf3 Nc6 3. d4 cxd4 4. Nxd4 e5 5. Nb5 a6 6. Nd6+ Bxd6 7. Qxd6 Qf6 8.
Qd3 Nge7 9. Nc3 Qg6 10. Be3 O-O 11. O-O-O b5 12. Be2 f5 13. exf5 Rxf5 14. g4
Rf6 15. Ne4 Rf8 16. Nd6 Qe6 17. Qb3 Nd4 18. Qxe6+ dxe6 19. Bxd4 exd4 20. Nxc8
Raxc8 21. Rxd4 Rxf2 22. Bd3 Nd5 23. Re4 Nf4 24. Kb1 Nxd3 25. cxd3 Rcc2 26. Rb4
Kf7 27. h4 e5 28. a3 Ke6 29. h5 Rcd2 30. Rh3 Kd5 31. Re3 Rf4 32. Rxf4 exf4 33.
Re4 f3 34. Rf4 f2 35. Kc1 Re2 0-1

[Event "66. BEM 2012"]
[Site "Dortmund"]
[Date "2012.03.12"]
[Round "7.12"]
[White "Gennat, Egon L"]
[Black "Cogan, Leonid"]
[Result "0-1"]
[WhiteElo "1490"]
[BlackElo "1748"]
[Annotator "P. Schulenburg"]
[PlyCount "120"]
[EventDate "2012.??.??"]
[Source "SG Dortmund"]
[SourceDate "2004.12.16"]

1. d4 Nf6 2. Nf3 e6 3. c4 c5 4. d5 exd5 5. cxd5 Bd6 6. Nc3 Bc7 7. e4 d6 8. Bd3
a6 9. a4 O-O 10. O-O Re8 11. Re1 Nbd7 12. Bg5 Rb8 13. h3 Nf8 14. Nh2 h6 15.
Bxf6 Qxf6 16. Qf3 Qh4 17. Qe3 Ng6 18. Nf3 Qf6 19. Rab1 Ba5 20. Bc2 Bd7 21. Nd2
b5 22. axb5 axb5 23. Ra1 Bb6 24. Qf3 Qg5 25. Nf1 Nf4 26. Qg3 Qf6 27. Ne3 h5 28.
h4 Re5 29. Nf5 Ng6 30. f4 c4+ 31. Kh1 Ree8 32. Kh2 b4 33. Nd1 b3 34. Bb1 Bxf5
35. exf5 Rxe1 36. Qxe1 Nxf4 37. Nc3 Bd4 38. g3 Nd3 39. Bxd3 cxd3 40. Rc1 Qxf5
41. Rd1 Bxc3 42. Qxc3 Qxd5 43. Rxd3 Qc5 44. Kg2 Qxc3 45. Rxc3 Kf8 46. Rc7 g6
47. Kf2 Kg7 48. Ke3 Kf6 49. Kd3 Ke6 50. Kc3 f6 51. Rg7 Kf5 52. Rd7 Rb6 53. Re7
g5 54. Re3 gxh4 55. gxh4 Kf4 56. Rd3 f5 57. Kd2 Kg4 58. Rd4+ f4 59. Ke2 Rc6 60.
Rd2 Rc2 0-1

[Event "66. BEM 2012"]
[Site "Dortmund"]
[Date "2012.03.12"]
[Round "7.13"]
[White "Vogt, Christian"]
[Black "Siwy, Boguslaw"]
[Result "1/2-1/2"]
[WhiteElo "1499"]
[BlackElo "1403"]
[Annotator "P. Schulenburg"]
[PlyCount "91"]
[EventDate "2012.??.??"]
[Source "SG Dortmund"]
[SourceDate "2004.12.16"]

1. d4 d5 2. c4 dxc4 3. e3 Nf6 4. Bxc4 e6 5. Nf3 Be7 6. O-O O-O 7. Qe2 c5 8. Rd1
cxd4 9. Nxd4 Qb6 10. Nc3 Nc6 11. Nxc6 Qxc6 12. e4 a6 13. a4 h6 14. Bf4 b6 15.
Bd3 Bb7 16. Rac1 Bc5 17. b4 Be7 18. Nb5 Qd7 19. Rc7 Qd8 20. Rxb7 Bxb4 21. Bc4
Qc8 22. Rc7 Qe8 23. Bd6 Bxd6 24. Nxd6 Qxa4 25. f3 b5 26. Bd3 Qd4+ 27. Kh1 Qxd6
28. Rcc1 Rfc8 29. Rxc8+ Rxc8 30. e5 Qe7 31. exf6 Qxf6 32. Be4 Qe7 33. Ra1 Qd7
34. g4 Qd6 35. Bb7 Rc7 36. Bxa6 Ra7 37. Qxb5 Qf4 38. Qe8+ Kh7 39. Bd3+ f5 40.
Rxa7 Qxf3+ 41. Kg1 Qxg4+ 42. Kf2 Qd4+ 43. Ke2 Qxa7 44. Qxe6 g6 45. Bc4 h5 46.
h4 {(=)} 1/2-1/2

[Event "66. BEM 2012"]
[Site "Dortmund"]
[Date "2012.03.12"]
[Round "7.14"]
[White "Benke, Werner"]
[Black "Horenburg, Oliver"]
[Result "0-1"]
[WhiteElo "1518"]
[BlackElo "1762"]
[Annotator "P. Schulenburg"]
[PlyCount "98"]
[EventDate "2012.??.??"]
[Source "SG Dortmund"]
[SourceDate "2004.12.16"]

1. d4 d5 2. c4 c6 3. Nc3 Nf6 4. Bf4 Qa5 5. Bd2 Qb6 6. cxd5 cxd5 7. e3 Bd7 8. b3
Nc6 9. Nf3 e6 10. Be2 Be7 11. O-O O-O 12. Rc1 Ba3 13. Na4 Qd8 14. Rb1 Ne4 15.
Nc5 Nxc5 16. dxc5 Bxc5 17. Bc3 Be7 18. Rc1 Bf6 19. Qd2 Rc8 20. Bd3 e5 21. Bb1
Bg4 22. h3 Be6 23. Rfd1 Qe7 24. Qb2 e4 25. Nd4 a6 26. Ne2 Bxc3 27. Nxc3 Qg5 28.
Kh2 Ne7 29. Ne2 Ng6 30. Rxc8 Rxc8 31. Rc1 Rxc1 32. Qxc1 h6 33. Qc7 Qe5+ 34.
Qxe5 Nxe5 35. Kg3 b5 36. Kf4 Nd3+ 37. Kg3 g6 38. f3 f5 39. Nd4 Nc5 40. Kf2 Bd7
41. Ke2 Kf7 42. Kd2 b4 43. Nc2 a5 44. Nd4 Ne6 45. Ne2 Bb5 46. f4 Bxe2 47. Kxe2
d4 48. exd4 Nxd4+ 49. Ke3 Nb5 0-1

[Event "66. BEM 2012"]
[Site "Dortmund"]
[Date "2012.03.12"]
[Round "7.15"]
[White "Hlopotov, Oleg"]
[Black "Wangrin, Stefan A"]
[Result "1-0"]
[WhiteElo "1701"]
[BlackElo "1165"]
[Annotator "P. Schulenburg"]
[PlyCount "73"]
[EventDate "2012.??.??"]
[Source "SG Dortmund"]
[SourceDate "2004.12.16"]

1. e4 c5 2. Nf3 d6 3. d4 Nc6 4. d5 Ne5 5. b3 g6 6. Nxe5 Bg7 7. Nxf7 Kxf7 8.
Qf3+ Ke8 9. c3 a6 10. Bb2 e5 11. Be2 Nf6 12. O-O Bg4 13. Qe3 h5 14. h3 Bh6 15.
Qd3 Bf4 16. Bc1 Bxe2 17. Qxe2 Bh2+ 18. Kxh2 Ng4+ 19. Kg1 Qh4 20. Nd2 Nf6 21.
Nf3 Qxe4 22. Qxe4 Nxe4 23. c4 Kd7 24. Ng5 Nc3 25. Re1 Rhf8 26. Bd2 Rf5 27. Ne6
Nxd5 28. cxd5 Rc8 29. Rac1 b6 30. b4 c4 31. a4 b5 32. axb5 axb5 33. Ra1 Rf7 34.
Ra7+ Ke8 35. Rxf7 Kxf7 36. Ra1 e4 37. Bg5 1-0

[Event "66. BEM 2012"]
[Site "Dortmund"]
[Date "2012.03.12"]
[Round "7.16"]
[White "Hlopotov, Nikita"]
[Black "Reinacher, Detlev"]
[Result "1-0"]
[WhiteElo "1405"]
[BlackElo "1650"]
[Annotator "P. Schulenburg"]
[PlyCount "89"]
[EventDate "2012.??.??"]
[Source "SG Dortmund"]
[SourceDate "2004.12.16"]

1. e4 d6 2. d4 g6 3. Nc3 Bg7 4. Nf3 Nf6 5. Bc4 c6 6. O-O Nbd7 7. e5 dxe5 8.
dxe5 Ng4 9. e6 fxe6 10. Bxe6 Nde5 11. Qxd8+ Kxd8 12. Ng5 Bf6 13. Nce4 h6 14.
Nxf6 exf6 15. Nf7+ Nxf7 16. Bxf7 Ne5 17. Bb3 g5 18. Be3 b6 19. Rfe1 Re8 20. f4
gxf4 21. Bxf4 h5 22. Bxe5 fxe5 23. Bf7 Re7 24. Bxh5 Kc7 25. Rad1 Bf5 26. c4 Rh8
27. Be2 Rg8 28. g3 Rh8 29. Rf1 Bh3 30. Rf6 e4 31. Rdd6 Bd7 32. Rh6 Rg8 33. Kg2
Rf7 34. Rdf6 Rfg7 35. Rh4 Re7 36. Kf1 Rg5 37. Rff4 Rge5 38. Bg4 a6 39. Ke2 e3
40. Bxd7 Rxd7 41. Rd4 Rf7 42. Rhf4 Rh7 43. h4 b5 44. Rfe4 Rhe7 45. Kxe3 1-0

[Event "66. BEM 2012"]
[Site "Dortmund"]
[Date "2012.03.12"]
[Round "7.17"]
[White "Duschek, Günter"]
[Black "Grawe, Herbert"]
[Result "0-1"]
[WhiteElo "1580"]
[BlackElo "1385"]
[Annotator "P. Schulenburg"]
[PlyCount "102"]
[EventDate "2012.??.??"]
[Source "SG Dortmund"]
[SourceDate "2004.12.16"]

1. d4 Nc6 2. Nf3 e6 3. Bf4 Nce7 4. e3 Ng6 5. Bg3 f5 6. h4 Nf6 7. h5 Ne7 8. h6
d6 9. Bh4 Ng6 10. hxg7 Bxg7 11. Be2 Nxh4 12. Nxh4 O-O 13. Nd2 Ng4 14. Bxg4 fxg4
15. Qxg4 e5 16. Qh5 Rf6 17. Qe2 exd4 18. O-O-O dxe3 19. Qxe3 d5 20. Rde1 Re6
21. Qg3 Rb6 22. Nb3 Bd7 23. Re2 Qf6 24. c3 Bb5 25. Re3 Kh8 26. Kb1 Bd7 27. Rf3
Qh6 28. Re1 Re6 29. Rxe6 Bxe6 30. Re3 Re8 31. Nd4 Qh5 32. a3 Qd1+ 33. Ka2 Bxd4
34. cxd4 Qxd4 35. Qe5+ Qxe5 36. Rxe5 d4+ 37. Ka1 d3 38. Nf3 Kg7 39. Nd2 Kf6 40.
Re3 Rd8 41. Kb1 Bf5 42. f3 h5 43. b3 b5 44. Re1 Kg5 45. Re5 Kf4 46. Rxb5 Rg8
47. Nf1 d2+ 48. Rxf5+ Kxf5 49. Kc2 Kf4 50. g4 h4 51. Kxd2 Kxf3 0-1

[Event "66. BEM 2012"]
[Site "Dortmund"]
[Date "2012.03.12"]
[Round "7.18"]
[White "Gegner, Michael"]
[Black "Schmidt, Andreas N"]
[Result "1-0"]
[WhiteElo "1613"]
[BlackElo "792"]
[Annotator "P. Schulenburg"]
[PlyCount "85"]
[EventDate "2012.??.??"]
[Source "SG Dortmund"]
[SourceDate "2004.12.16"]

1. d4 Nf6 2. Nc3 d5 3. e4 dxe4 4. f3 Bf5 5. g4 Bg6 6. g5 Nd5 7. Nxe4 e6 8. h4
Be7 9. a3 Nd7 10. c4 N5b6 11. Bd3 Bxe4 12. fxe4 f6 13. Nf3 e5 14. c5 Nxc5 15.
dxc5 Bxc5 16. gxf6 Qxf6 17. Bg5 Qe6 18. Qe2 h6 19. Be3 Na4 20. Bb5+ c6 21. Bxa4
Bxe3 22. Qxe3 b5 23. Bd1 O-O-O 24. Ng5 hxg5 25. Qxg5 Qd6 26. Bg4+ Kb8 27. Rd1
Qf6 28. Qxf6 gxf6 29. Rxd8+ Rxd8 30. Rf1 Rd6 31. h5 f5 32. Bxf5 Rh6 33. Bg6 Kc7
34. Rf7+ Kd6 35. Rxa7 Rh8 36. Rh7 Rf8 37. h6 Ke6 38. Bf5+ Kf6 39. Rc7 c5 40.
Rc6+ Kg5 41. h7 Rh8 42. Rg6+ Kh5 43. Rg8 1-0

[Event "66. BEM 2012"]
[Site "Dortmund"]
[Date "2012.03.12"]
[Round "7.20"]
[White "Dirks, Rainer"]
[Black "Skoecz, Horst"]
[Result "1/2-1/2"]
[WhiteElo "1120"]
[BlackElo "1164"]
[Annotator "P. Schulenburg"]
[PlyCount "143"]
[EventDate "2012.??.??"]
[Source "SG Dortmund"]
[SourceDate "2004.12.16"]

1. e4 e5 2. Nf3 Nc6 3. Nc3 Nf6 4. d4 exd4 5. Nxd4 Nxd4 6. Qxd4 c5 7. Qd1 d6 8.
Bb5+ Bd7 9. Bxd7+ Nxd7 10. O-O Be7 11. Re1 O-O 12. Bf4 Ne5 13. Bxe5 dxe5 14.
Nd5 Bd6 15. Qg4 Kh8 16. Re3 Qe8 17. Rg3 g6 18. Rh3 Qe6 19. Qh4 h5 20. Qg5 f5
21. Qh6+ Kg8 22. Rxh5 Kf7 23. Qh7+ Ke8 24. Qxb7 Rc8 25. Rh7 fxe4 26. c4 Rd8 27.
Qg7 Rd7 28. Qh6 Rxh7 29. Qxh7 Qf7 30. Qxf7+ Rxf7 31. Re1 Rb7 32. b3 a5 33. Nc3
Kf7 34. Rxe4 Ke6 35. Rh4 Be7 36. Re4 Kf5 37. g4+ Kg5 38. Rxe5+ Kxg4 39. Nd5 Bh4
40. Ne3+ Kf3 41. Nd5 Bxf2+ 42. Kf1 a4 43. Re6 Bd4 44. Rb6 Rf7 45. Rxg6 axb3 46.
axb3 Ke4+ 47. Kg2 Rf2+ 48. Kh3 Rb2 49. Rg4+ Kf5 50. Rf4+ Ke5 51. Rf3 Ke4 52.
Kg3 Be5+ 53. Nf4 Rb1 54. Kg4 Rg1+ 55. Rg3 Rf1 56. Ne6 Bxg3 57. hxg3 Rb1 58.
Nxc5+ Kd4 59. Ne6+ Ke5 60. Nc5 Kd6 61. Ne4+ Kc6 62. Nd2 Rb2 63. Ne4 Rxb3 64.
Kf4 Rb8 65. g4 Rb4 66. c5 Kd5 67. g5 Rxe4+ 68. Kf5 Re1 69. g6 Kxc5 70. g7 Rf1+
71. Ke6 Rg1 72. Kf7 1/2-1/2

[Event "66. BEM 2012"]
[Site "Dortmund"]
[Date "2012.03.12"]
[Round "7.21"]
[White "Krüger, Inge"]
[Black "Jentzsch, Werner Wilfried"]
[Result "0-1"]
[WhiteElo "1303"]
[BlackElo "1317"]
[Annotator "P. Schulenburg"]
[PlyCount "84"]
[EventDate "2012.??.??"]
[Source "SG Dortmund"]
[SourceDate "2004.12.16"]

1. d4 e6 2. c4 c5 3. e3 cxd4 4. exd4 Bb4+ 5. Bd2 Qa5 6. Nf3 Nf6 7. Bd3 O-O 8.
O-O Bxd2 9. Nbxd2 Nc6 10. a3 d5 11. b4 Qc7 12. cxd5 Nxd5 13. Qc2 Nf6 14. Rfe1
Qd6 15. Nb3 a6 16. Rac1 Rd8 17. Qb2 b5 18. Be4 Bb7 19. Rcd1 Nxe4 20. Rxe4 Nxb4
21. Re3 Nd5 22. Red3 Nf4 23. Re3 Rac8 24. Na5 Bxf3 25. Rxf3 Rd7 26. Kf1 Rdc7
27. Qa1 Nd5 28. g3 Rc3 29. Rxc3 Rxc3 30. Nb7 Qxa3 31. Nc5 a5 32. Ne4 Rd3 33.
Qxa3 Rxa3 34. Rc1 g6 35. Nd6 Rc3 36. Ra1 b4 37. Rxa5 Rd3 38. Nb5 b3 39. Ra1 Rd2
40. Rb1 b2 41. Ke1 Rc2 42. Kd1 Rxf2 0-1

[Event "66. BEM 2012"]
[Site "Dortmund"]
[Date "2012.03.12"]
[Round "7.22"]
[White "Heselmeyer, Wolfgang"]
[Black "Böckmann, Lieselotte"]
[Result "1-0"]
[WhiteElo "1349"]
[BlackElo "930"]
[Annotator "P. Schulenburg"]
[PlyCount "49"]
[EventDate "2012.??.??"]
[Source "SG Dortmund"]
[SourceDate "2004.12.16"]

1. e4 e5 2. Nf3 Nc6 3. b3 Nf6 4. d3 Be7 5. Bb2 d6 6. Nbd2 O-O 7. h3 Be6 8. Be2
Nb4 9. a3 Na6 10. O-O c6 11. d4 exd4 12. Bxa6 bxa6 13. Nxd4 Bd7 14. Nf5 Bxf5
15. exf5 Nh5 16. Qxh5 Bf6 17. Bxf6 Qxf6 18. Ne4 Qe5 19. Rae1 Kh8 20. Ng5 h6 21.
Rxe5 dxe5 22. Nxf7+ Kg8 23. Nxe5 Rae8 24. Nxc6 Rf6 25. Qxe8+ 1-0

[Event "66. BEM 2012"]
[Site "Dortmund"]
[Date "2012.03.12"]
[Round "7.23"]
[White "Strotmann, Dieter"]
[Black "Reker, Gerhard"]
[Result "1-0"]
[WhiteElo "1362"]
[BlackElo "756"]
[Annotator "P. Schulenburg"]
[PlyCount "67"]
[EventDate "2012.??.??"]
[Source "SG Dortmund"]
[SourceDate "2004.12.16"]

1. Nf3 Nf6 2. g3 Nc6 3. Bg2 d5 4. d4 e6 5. O-O Bd6 6. b3 Ne4 7. Bb2 O-O 8. Nbd2
Nxd2 9. Nxd2 Qf6 10. e3 b6 11. c4 dxc4 12. Bxc6 Rb8 13. Nxc4 Ba6 14. Rc1 Bxc4
15. Rxc4 a6 16. Rc2 b5 17. e4 e5 18. dxe5 Bxe5 19. Bxe5 Qxe5 20. f4 Qe6 21. Bd5
Qb6+ 22. Kh1 Rbd8 23. Qc1 Rd7 24. Rc6 Qa7 25. Rd1 Re8 26. e5 h6 27. e6 fxe6 28.
Bxe6+ Rxe6 29. Rxe6 c6 30. Rde1 Rd5 31. Qxc6 Rd2 32. Qe8+ Kh7 33. Qg6+ Kh8 34.
Re8# 1-0